New construction orders: August 2002 (Record no. 71347)

MARC details
000 -LEADER
fixed length control field 00931cam a2200217 4500
001 - CONTROL NUMBER
control field WB3838-01
008 - FIXED-LENGTH DATA ELEMENTS--GENERAL INFORMATION
fixed length control field 021015n2002 000 0 eng u
035 ## - SYSTEM CONTROL NUMBER
System control number (Sirsi) u120080
245 ## - TITLE STATEMENT
Title New construction orders: August 2002
260 ## - PUBLICATION, DISTRIBUTION, ETC.
Date of publication, distribution, etc. 2002
490 ## - SERIES STATEMENT
Series statement DTI Press Release
Volume/sequential designation (C-1002) 10 October 2002, (2)
520 ## - SUMMARY, ETC.
Summary, etc. Orders in the 12 months to August 2002 rose by 3% compared to orders in the previous 12 months. Orders in the three months to August 2002 rose by 1% compared to the same period a year earlier. Orders in the three months to August 2002 were unchanged compared to the previous three months. Tables and graphs. http://www.dti.gov.uk/construction/stats/101002/pressrel101002.htm
590 ## - LOCAL NOTE (RLIN)
Local note WB
650 ## - SUBJECT ADDED ENTRY--TOPICAL TERM
Topical term or geographic name entry element CONSTRUCTION ORDERS
650 ## - SUBJECT ADDED ENTRY--TOPICAL TERM
Topical term or geographic name entry element CONSTRUCTION DEMAND
650 ## - SUBJECT ADDED ENTRY--TOPICAL TERM
Topical term or geographic name entry element CONSTRUCTION MARKET
650 ## - SUBJECT ADDED ENTRY--TOPICAL TERM
Topical term or geographic name entry element STATISTICS
650 ## - SUBJECT ADDED ENTRY--TOPICAL TERM
Topical term or geographic name entry element NEW CONSTRUCTION
690 ## - LOCAL SUBJECT ADDED ENTRY--TOPICAL TERM (OCLC, RLIN)
Topical term or geographic name as entry element BUILT ENVIRONMENT
942 ## - ADDED ENTRY ELEMENTS (KOHA)
Suppress in OPAC 0
Holdings
Withdrawn status Lost status Source of classification or shelving scheme Damaged status Not for loan Home library Current library Shelving location Date acquired Total Checkouts Full call number Barcode Date last seen Copy number Price effective from Koha item type
    Dewey Decimal Classification     London London News article 15/10/2002   WB3838-01 120080-1001 06/08/2019 1 06/08/2019 News article